000 01220nam a2200301 a 4500
001 000014113
005 20240530073933.0
008 091204s2009 dr a r 001 0 spa d
020 _a9789945020755
040 _aDO-SdBNP
_bspa
_cBNPHU
082 _aRD868.3
_bC352e
100 1 _aCastillo, Rafael Justino,
_d1861-1933
_931937
245 1 0 _aEscritos reunidos /
_cRafael Justino Castillo ; editor Andrés Blanco Díaz.
260 _aSanto Domingo :
_bArchivo General de la Nación,
_c2009.
300 _av. :
_bil. ;
_c23 cm.
490 1 _aArchivo General de la Nación ;
_v98
500 _aIncluye índice onomástico
500 _aLa biblioteca posee los volumenes 1 y 3
504 _aIncluye referencias bibliográficas y notas al pie de las páginas
505 2 _av. 1 . Ensayos, 1887-1907 -- v. 3. Artículos, 1888-1931.
650 4 _aCastillo, rafael justino,
_d1861-1933
_xColección de escritos
_931938
651 4 _aRepública Dominicana
_xLegislación
_910538
651 4 _aRepública Dominicana
_xHistoria
_9170
650 0 _aEnsayos dominicanos
_965
700 1 _aBlanco Díaz, Andrés
_eed.
_9172
830 0 _aArchivo General de la Nación
_n98
_931939
910 _aValidado. Control de calidad. MMOLINA
999 _c13715
_d13715